000 01380nam a2200313 i 4500
001 bg
245 0 0 _aProcesy metropolizacji w regionie podkarpackim Rzeszów - Lwów =
_b(Metropolisation processes in Podkarpackie Region Rzeszów-Lvov) /
_cpod red. Zbigniewa Makieły, Romana Fedana.
260 _aWarszawa :
_bKomitet Przestrzennego Zagospodarowania Kraju PAN,
_c2007.
300 _a252, [1] s. :
_bmapy, wykr. ;
_c21 cm.
490 _aBiuletyn / Polska Akademia Nauk. Komitet Przestrzennego Zagospodarowania Kraju,
_x0079-3493 ;
_vz. 230
500 _aStreszcz. ang. przy art.
504 _aBibliogr. przy art.
650 9 _aMetropolie
_zPolska
_yod 1989 r.
650 9 _aRegiony przygraniczne
_zPolska
_yod 1989 r.
650 9 _aRegiony przygraniczne
_zUkraina
_yod 1991 r.
650 9 _aPlanowanie regionalne
_zPolska
_yod 1989 r.
651 9 _aPodkarpackie, województwo
_xplanowanie przestrzenne
651 9 _aRzeszów (woj. podkarpackie ; okręg)
700 1 _aMAKIEŁA, Zbigniew.
_eRed.
700 1 _aFEDAN, Roman.
_eRed.
830 _aBiuletyn - Polska Akademia Nauk. Komitet Przestrzennego Zagospodarowania Kraju,
_x0079-3493 ;
_vz. 230
020 _a9788389693938
040 _cBPK
041 0 _apol
_beng
080 _a711(438)"1989/...":711(474)"1991/..."]:332.14
920 _a978-83-896939-3-8
942 _cKS
008 s pl f |000 0 pol
999 _c53401
_d53401
856 _uhttp://koha.tu.koszalin.pl/cgi-bin/koha/opac-detail.pl?biblionumber=53401
_yKatalog online BPK